Modificación del Código Civil en materia de filiación, patria potestad y régimen económico del matrimonio : Ley 11/1981 de 13 de mayo Ley 11/1981 de 13 de mayo
Descripción Física:
50 p. ; 17 cm
Otros Autores:
Col·legi d'Advocats de Barcelona. Comissió de Cultura
MARC
| LEADER | 00000nam a2200000Ia 4500 | ||
|---|---|---|---|
| 001 | 14725 | ||
| 008 | 160829s9999 xx 000 0 cat d | ||
| 080 | |a FU-2-67 | ||
| 100 | |a Espanya. Lleis, etc. |9 23269 | ||
| 245 | |a Modificación del Código Civil en materia de filiación, patria potestad y régimen económico del matrimonio : |b Ley 11/1981 de 13 de mayo | ||
| 260 | |a Barcelona : |b Il·lustre Col·legi d'Advocats de Barcelona, Comissió de Cultura, DL 1982 | ||
| 300 | |a 50 p. ; |c 17 cm | ||
| 650 | |a Paternitat (Dret) |x Espanya |x Dret i legislació |9 32890 | ||
| 650 | |a Pàtria potestat |x Espanya |x Dret i legislació |9 32891 | ||
| 650 | |a Matrimoni |x Aspectes econòmics |x Espanya |x Dret i legislació |9 32892 | ||
| 700 | |a Col·legi d'Advocats de Barcelona. Comissió de Cultura |9 24331 | ||
| 901 | |a Arxiu | ||
| 942 | |n 1 | ||
| 952 | |0 0 |1 0 |4 0 |6 FU267 |7 1 |9 46137 |a Arxiu |b Arxiu |d 2016-12-01 |l 0 |o FU-2-67 |p 14725 |r 2016-12-01 00:00:00 |w 2016-12-01 |y ARXIU | ||
| 999 | |c 49639 |d 49639 | ||